| 000 | 00519nam a2200169 i 4500 | ||
|---|---|---|---|
| 001 | 29434 | ||
| 003 | ES-MaACL | ||
| 005 | 20230906154032.0 | ||
| 007 | t| | ||
| 008 | 030122s1973 sp ||||1| spa d | ||
| 100 | 1 |
_aBarbosa, Miguel. _925474 |
|
| 245 | 1 | 5 |
_a(Los profetas de la paja) O palherio / _cMiguel Barbosa ; versión... José Luis Cerrato. |
| 260 |
_aBarcelona : _bLa Mano en el Cajón, _c[1973] |
||
| 300 |
_a55 p. ; _c21 cm. |
||
| 700 | 1 |
_aCerrato, José Luis. _937563 |
|
| 852 |
_aES-MaACL _jC-55257 _bR.88038 |
||
| 999 |
_c29434 _d29434 |
||